| 000 | 00714nam a2200181Ia 4500 | ||
|---|---|---|---|
| 003 | GCL | ||
| 005 | 20240530105034.0 | ||
| 008 | 140319s9999 xx 000 0 ara d | ||
| 040 |
_aGCL / _cGCL |
||
| 082 | 0 | 4 |
_a922.38 _bح ت |
| 100 | 1 | _aابن حجر العسقلانى : شهاب الدين ابو الفضل احمد بن على بن احمد الكنانى | |
| 245 | 1 | 0 |
_aتقريب التهذيب / _cابن حجر العسقلانى : شهاب الدين ابو الفضل احمد بن على بن احمد الكنانى |
| 250 |
_aط4 _bمنقحة |
||
| 260 |
_aسوريا : _bدار الرشيد ، _c1992 |
||
| 300 |
_a788 ص ؛ _c25 سم |
||
| 650 | 0 | 4 | _aالرواه - تراجم |
| 942 |
_2ddc _cBK |
||
| 999 |
_c52680 _d52680 |
||